How to write better ni one hour

Bibliographic Details
Main Author: Mair, George
Format: Book
Published: New York : Stein and Day , 1983
Subjects:

MARC

LEADER 00000cam a2200000 7i4500
001 0000046333
005 20150324.0
008 24032015
020 |a 0812862066 
020 |a 9780812862066 
090 0 0 |a 808.042   |b MAI 
100 1 |a Mair, George 
245 1 0 |a How to write better ni one hour   |c Mair, George 
260 |a New York :   |b Stein and Day ,   |c 1983 
650 0 |a English language   |x Rhetoric   |x Self-instruction 
999 |a 0000714860   |b Book   |c Adult Collection   |e Cawangan Pontian 
999 |a 0000714862   |b Book   |c Adult Collection   |e Cawangan Tmn. Ungku Tun Aminah